Historia de la ciencia y sus reconstrucciones racionales
Saved in:
| Main Author: | |
|---|---|
| Format: | Book |
| Language: | Spanish |
| Published: |
Madrid
Tecnos
1993
|
| Edition: | 3a. ed |
| Series: | Filosofía y Ensayo
|
| Subjects: | |
| Tags: |
Add Tag
No Tags, Be the first to tag this record!
|
MARC
| LEADER | 00000nam a2200000 a 4500 | ||
|---|---|---|---|
| 001 | UCX9714 | ||
| 003 | CL-VaPUC | ||
| 008 | 940622e19930000SP |||||||||||||||||spa|d | ||
| 020 | |a 8430905383 | ||
| 082 | 0 | 4 | |a 509 |b LAK |2 21 |
| 100 | |a Lakatos, Imre |e author |9 571317 | ||
| 245 | 1 | 0 | |a Historia de la ciencia y sus reconstrucciones racionales |
| 250 | |a 3a. ed | ||
| 300 | |a 158 p | ||
| 942 | |c BK | ||
| 945 | |d 19940622 00:00:00 |a mfernand | ||
| 260 | |a Madrid |b Tecnos |c 1993 | ||
| 650 | 0 | |a Filosofía de las ciencias |9 256466 | |
| 650 | 7 | |a CIENCIA HISTORIA |2 CL-VaPUC |9 263304 | |
| 650 | 0 | |a Crítica e interpretación |9 255042 | |
| 583 | |a last modification |c 19940622 00:00:00 |k Rodrigo Vera | ||
| 490 | 0 | |a Filosofía y Ensayo | |
| 999 | |c 228877 |d 228875 | ||
| 952 | |0 0 |1 2 |4 0 |6 509_000000000000000_LAK_1993 |7 0 |8 A |9 229361 |a BIBTEO |b BIBTEO |d 2019-11-15 |i 2989298 |o 509 LAK 1993 |p 2989298 |r 2019-11-15 |w 2019-11-15 |y BK |k ICR | ||